00449 a2200157 4500003000400000005001700004008004100021020001800062040000900080082002000089100001700109245009400126250001200220260004900232300001000281OSt20240130132927.0240130b |||||||| |||| 00| 0 eng d a9788182718272 coclc a894.8129bISL/E aIslam, Yusuf aEnthukond Njhan Ippozhum Gittar Kayyilenthunnu= Why I Still Carry a Guitar /cYusuf Islam a1st ed. aKozhikode:bIslamic Publishing House,c2016. a104p.